Oceňovanie spoločností v odvetví rizikového a rozvojového kapitálu

Metódy oceňovania spoločností v odvetví rizikového a rozvojového kapitálu uvádzané v medzinárodnej smernici asociácie EVCA (European private equity and venture capital association). Aplikácia vybraných oceňovaných metód konkrétnej spoločnosti.

Saved in:
Bibliographic Details
Main Author: Freňáková, Magdaléna, 1981-
Other Authors: Semivanová, Dana
Format: Book Chapter
Language:Slovak
Subjects:
Tags: Add Tag
No Tags, Be the first to tag this record!

MARC

LEADER 00000nla$a2200000$$$4500
001 0149439
005 20240610135102.1
041 0 |a slo 
044 |a SK 
245 1 0 |a Oceňovanie spoločností v odvetví rizikového a rozvojového kapitálu  |c Magdaléna Freňáková, Dana Semivanová 
520 |a Metódy oceňovania spoločností v odvetví rizikového a rozvojového kapitálu uvádzané v medzinárodnej smernici asociácie EVCA (European private equity and venture capital association). Aplikácia vybraných oceňovaných metód konkrétnej spoločnosti. 
610 2 0 |a oceňovanie 
610 2 0 |a ohodnocovanie podniku 
610 2 0 |a kapitál rizikový 
610 2 0 |a investície 
610 2 0 |a cash flow 
610 2 0 |a štandardy ohodnocovacie medzinárodné 
100 1 |a Freňáková, Magdaléna, 1981- 
700 1 |a Semivanová, Dana